| 000 | 01032 a2200301 4500 | ||
|---|---|---|---|
| 001 | 118270 | ||
| 020 | _a9786586959086 | ||
| 020 | _qbroch. | ||
| 041 | _apor | ||
| 082 | _a[E] | ||
| 100 | _aDonaldson, Julia. | ||
| 300 | _a[32] p. | ||
| 520 | _aTodos os dias, Tiddler chega atrasado à escola e todos os dias ele conta uma aventura para a professora. Será que ele realmente montou um cavalo-marinho? Será que ele conheceu mesmo uma sereia? Será que tudo o que ele diz aconteceu ou foi só imaginação? | ||
| 521 | _aSK | ||
| 697 | _aTruthfulness and falsehood | ||
| 697 | _aFishes - Fiction. | ||
| 697 | _aFishes | ||
| 697 | _aPicture books for children. | ||
| 697 | _aTall tales | ||
| 697 | _aTruthfulness and falsehood - Fiction. | ||
| 856 | _u00002f/00002f81.jpg | ||
| 040 |
_aBR-BrIDEA _cBR-BrIDEA |
||
| 090 |
_aSK [E] _bDON |
||
| 245 | 1 | 0 |
_aTiddler _cJulia Donaldson ; ilustração de Axel Scheffler |
| 260 |
_aCampinas, SP _bNanabooks _c2021 |
||
| 700 |
_aScheffler, Axel _eilustrador |
||
| 942 | _cBK | ||
| 999 |
_c118270 _d118270 |
||